000
00251nam a2200097Ia 4500
001
696182
005
20250826162008.0
008
250824s9999 xx 000 0 und d
245
0
_a
ISSIZLIĞIN ORTASI/M.EROĞLU/EVEREST
_c
MEHMET EROĞLU
260
_b
EVEREST
999
_c
696182
_d
696182